O súčasnej situácii v slovenskej právnej normotvorbe

Rámec právnej normotvorby. Pramene práva. Úprava tvorby právnych predpisov. Zbierka zákonov. Referendum a normotvorba. Aproximačné nariadenie.

Gespeichert in:
Bibliographische Detailangaben
1. Verfasser: Kukliš, Peter
Weitere Verfasser: Hodás, Milan
Format: Buchkapitel
Sprache:Slowakisch
Schlagworte:
Tags: Tag hinzufügen
Keine Tags, Fügen Sie das erste Tag hinzu!

MARC

LEADER 00000naa a2200000 4500
001 0225853
005 20220719123633.4
041 0 |a slo 
044 |a SK 
245 1 0 |a O súčasnej situácii v slovenskej právnej normotvorbe  |c Peter Kukliš, Milan Hodás 
520 |a Rámec právnej normotvorby. Pramene práva. Úprava tvorby právnych predpisov. Zbierka zákonov. Referendum a normotvorba. Aproximačné nariadenie. 
610 2 0 |a normy právne 
610 2 0 |a predpisy právne 
610 2 0 |a referendum 
610 2 0 |a aproximácia práva 
100 1 |a Kukliš, Peter 
700 1 |a Hodás, Milan